000 00903nam a22002537a 4500
005 20100708143831.0
008 100708t xxu||||| |||| 00| 0 eng d
010 _aENG-96365
020 _a9780070702806
_c150.00
020 _a0070702802
_c150.00
035 _aEN-79898
037 _bDBAD/PUB
040 _aDPL
_bEng
082 _a650.14
100 _aSharma, K. K.
_916391
245 _aCivil Services success planner /
_cby K.K.Sharma
260 _aNew Delhi
_bTata McGraw Hill Publishing
_c2010
270 _a7, West Patel Nagar
_bNew Delhi
_e110008
300 _axiv,161 p.
_c23cm. (pbk)
490 _aTata McGraw-Hill's winning edge series
_91235
500 _aincludes index
942 _2ddc
_cEN
_mSHA
_h650.14
999 _c36836
_d36836